00879nam a22002177a 450000500170000001000150001702000260003203500130005803700130007108200140008410000200009824501550011826000300027327000840030330000260038750000500041370000160046394200280047999900170050795201370052420170208114030.0 aENG-114403 a9789351435495c695.00 aEN-97935 bDBAD/PUB a342.54044 aMalik, Lokendra aThe power of Raisina Hill :cby Lokendra Malik; foreworded by A.K.Sikribthe constitutional position, functions and powers of the President of India / aGurgaonbLexisNexisc2015 a14th Floor, Building No.10, Tower-B, DLF Cyber City, Phase-II bGurgaone122002 axxvii,470p.c24cm(Hb) aIncludes bibliographical references and index aSikri, A.K. 2ddccENmMALh342.54044 c97954d97954 001040708NFICaZLSbZLSd2015-10-27eDBAD/PUBg695.00l0o342.54044 MALpEN-97935r2015-10-27 00:00:00t1v695.00w2015-10-27yEN